01251nam a2200265 a 450000100060000000300080000600500170001400800410003103500190007204000350009104100080012608200250013410000190015924502450017826000820042330000380050550200880054350400330063165000430066470000560070770000450076394200130080899900170082195201470083884367BD-RjUL20241125180750.0241125s2023 bg a|||| m||| 00| 0 eng d a(BD-RjUL)84367 aBD-RjULbengcBD-RjULdBD-RjUL aeng 223a677.13bYAF 2023 aYasmin, Zakiya10aFabrication and characterization of polymer matrix composites using jute fabric and some agricultural waste materials as fillers /cSubmitted by Zakiya, Yasmin ;6Principal Supervisor : G. M. Shafiur Rahman, Co-Supervisor : Md. Asadul Hoque aRajshahi :bInstitute of Environmental Science, University of Rajshahi,c2023 axvi, 139 leaves :bill, ;c29.cm. aThesis (Ph. D.) -- Institute of Environmental Science, University of Rajshahi, 2023 aReferences : Leaves 135 -136 aJutevPolymer matrix composites914422 aRahman, G. M. Shafiur, Principal Supervisor 914423 aHoque, Md. Asadul, Co-Supervisor 914424 2ddccTHE c84367d84367 102ddc40718THESESaRUCLbRUCLcDoc/Thed2024-11-17eController of Exam. R. U.l0oTHE 677.13 YAF 2023pD5010r2024-11-25 00:00:00tC-1yTHE